| 000 | 00865nam a22002537a 4500 | ||
|---|---|---|---|
| 003 | dpl | ||
| 005 | 20240321111240.0 | ||
| 008 | 231130b |||||||| |||| 00| 0 eng d | ||
| 010 | _aB-756073-078 ENG-139840 | ||
| 020 |
_a9788189093686 _c795.00 |
||
| 035 | _aB-756073-078 | ||
| 035 | _aEN-123372 | ||
| 037 | _bLotus Press | ||
| 040 | _c0 | ||
| 050 | _a320 | ||
| 082 | _a320 | ||
| 100 | _4Johari, J.C. | ||
| 245 |
_aIndian Polity/ _cJ.C. Johari |
||
| 260 |
_aNew Delhi _bLotus Press _c2023 |
||
| 270 |
_a4263/3, Ansari Road, Darya Ganj, _bNew Delhi _e110002 |
||
| 300 |
_axvi, 766p. _c22cm(pbk) |
||
| 942 |
_2ddc _cEN _h320 _mJOH |
||
| 999 |
_c199327 _d199327 |
||